Diego / (Record no. 5892)

MARC details
000 -LEADER
fixed length control field 00937nam a22003017a 4500
001 - CONTROL NUMBER
control field 5892
003 - CONTROL NUMBER IDENTIFIER
control field FISKH
005 - DATE AND TIME OF LATEST TRANSACTION
control field 20250131080528.0
008 - FIXED-LENGTH DATA ELEMENTS--GENERAL INFORMATION
fixed length control field 250130b cb ||||| |||| 00| 0 eng d
020 ## - INTERNATIONAL STANDARD BOOK NUMBER
International Standard Book Number 9780590471381
040 ## - CATALOGING SOURCE
Original cataloging agency FISKH
Language of cataloging eng
Transcribing agency FISKH
Modifying agency FISKH
050 ## - LIBRARY OF CONGRESS CALL NUMBER
Classification number ND259.R5 W48
082 ## - DEWEY DECIMAL CLASSIFICATION NUMBER
Classification number 759.972
100 ## - MAIN ENTRY--PERSONAL NAME
Personal name Winter, Jeanette
Dates associated with a name (1939-)
245 ## - TITLE STATEMENT
Title Diego /
Statement of responsibility, etc. By Jeanette Winter ; Text by Jonah Winter ; Translate from the English by Amy Prince
250 ## - EDITION STATEMENT
Edition statement This edition first published in 1991
260 ## - PUBLICATION, DISTRIBUTION, ETC.
Place of publication, distribution, etc. New York :
Name of publisher, distributor, etc. Scholastic,
Date of publication, distribution, etc. 1991.
300 ## - PHYSICAL DESCRIPTION
Extent 32 pages :
Other physical details color illustrations ;
Dimensions 23 cm
505 ## - FORMATTED CONTENTS NOTE
Formatted contents note N<br/>
520 ## - SUMMARY, ETC.
Summary, etc. Discusses the childhood of Diego Rivera and how it influenced his art.
521 8# - TARGET AUDIENCE NOTE
Target audience note 550<br/>
Source Lexile<br/>
521 8# - TARGET AUDIENCE NOTE
Target audience note N<br/>
Source Raz-Plus<br/>
650 ## - SUBJECT ADDED ENTRY--TOPICAL TERM
Source of heading or term Mexico
Topical term or geographic name entry element Multicultural
650 ## - SUBJECT ADDED ENTRY--TOPICAL TERM
Source of heading or term Painting
Topical term or geographic name entry element Artist
700 ## - ADDED ENTRY--PERSONAL NAME
Personal name Winter, Jonah
Dates associated with a name illustrator
942 ## - ADDED ENTRY ELEMENTS (KOHA)
Source of classification or shelving scheme Dewey Decimal Classification
Koha item type Books
Suppress in OPAC No
Holdings
Withdrawn status Lost status Source of classification or shelving scheme Damaged status Not for loan Collection Home library Current library Shelving location Date acquired Total Checkouts Full call number Barcode Date last seen Copy number Price effective from Koha item type
    Dewey Decimal Classification     Non-Fiction Footprints International School Library Network Toul Kork Campus Footprints International School Library Network Toul Kork Campus TK Primary Library Room(4th Floor), Bookcase 3&4, Shelves 17-32, Yellow Books 01/30/2025   WIN 759.972 ND259.R5 W48 FISTK01996 01/30/2025 1 01/30/2025 Books
    Dewey Decimal Classification     Non-Fiction Footprints International School Library Network Toul Tom Poung Campus Footprints International School Library Network Toul Tom Poung Campus TTP Primary Yellow Bookshelves 03/24/2026   WIN 759.972 ND259.R5 W48 FISBK02429 03/24/2026 2 03/24/2026 Books